Katalytická aktivita vybraných glykozidáz

Gespeichert in:
Bibliographische Detailangaben
1. Verfasser: Niková, Mária (Verfasst von)
Weitere Verfasser: Hronská, Helena (Betreuung Doktorarbeit)
Format: Manuskript Buch
Sprache:Slowakisch
Veröffentlicht: 2018
Schlagworte:
Online-Zugang:http://is.stuba.sk/zp/portal_zp.pl?podrobnosti=125751
Tags: Tag hinzufügen
Keine Tags, Fügen Sie das erste Tag hinzu!

MARC

LEADER 00000ntm a22000003a 4500
001 stuzp69380
003 SK-STU
005 20180623210657.9
007 ta
008 150427s2015----xo-----f-mn---000-0-slo-d
040 |a STU  |b slo 
041 0 |a slo 
100 1 |a Niková, Mária  |u 044000  |4 aut  |U FCHPT Fakulta chemickej a potravinárskej technológie  |T FCHPT Ústav biotechnológie  |X 81557  |U C4000  |Y 102  |7 81557 
242 0 1 |a Catalytic Activity of Selected Glycosidases  |y eng 
245 1 0 |a Katalytická aktivita vybraných glykozidáz 
260 |c 2018 
650 4 |a hexózaminidáza  |2 slo 
650 4 |a glykozidy  |2 slo 
650 4 |a katalytická aktivita  |2 slo 
650 4 |a vláknité huby  |2 slo 
650 4 |a hexosaminidase  |2 eng 
650 4 |a catalytic activity  |2 eng 
650 4 |a glycosides  |2 eng 
650 4 |a filamentous fungi  |2 eng 
700 1 |a Hronská, Helena  |u 044000  |k Z1  |4 ths  |U FCHPT Fakulta chemickej a potravinárskej technológie  |T FCHPT Ústav biotechnológie  |X 4690  |U C4000  |Y 102  |7 A000004690 
856 4 |u http://is.stuba.sk/zp/portal_zp.pl?podrobnosti=125751